| 000 | 00348nam a22001457a 4500 | ||
|---|---|---|---|
| 082 |
_a658.3 _bSRI |
||
| 100 | _aSRIVASTAVA, NISHEETH | ||
| 245 | _aTEXT BOOK OF HOTEL COMMUNICATION | ||
| 250 | _a1ST | ||
| 260 |
_aDELHI _bNAMAN PUBLISHER _c2012 |
||
| 300 | _a294 | ||
| 650 | _aHOTEL MANAGEMENT | ||
| 653 | _aHOTEL, COMMUNICATION | ||
| 942 |
_2ddc _cBK _01 |
||
| 999 |
_c8134 _d8134 |
||